Ecology, engineering, and management : (Record no. 234974)
[ view plain ]
| 000 -LEADER | |
|---|---|
| fixed length control field | 01933cam a22003014a 4500 |
| 001 - CONTROL NUMBER | |
| control field | 12356834 |
| 003 - CONTROL NUMBER IDENTIFIER | |
| control field | Nust |
| 005 - DATE AND TIME OF LATEST TRANSACTION | |
| control field | 20170404105231.0 |
| 008 - FIXED-LENGTH DATA ELEMENTS--GENERAL INFORMATION | |
| fixed length control field | 010323s2002 enkab b 001 0 eng |
| 010 ## - LIBRARY OF CONGRESS CONTROL NUMBER | |
| LC control number | 2001021711 |
| 020 ## - INTERNATIONAL STANDARD BOOK NUMBER | |
| International Standard Book Number | 0195139682 (alk. paper) |
| 040 ## - CATALOGING SOURCE | |
| Original cataloging agency | DLC |
| Transcribing agency | DLC |
| Modifying agency | DLC |
| 042 ## - AUTHENTICATION CODE | |
| Authentication code | pcc |
| 050 00 - LIBRARY OF CONGRESS CALL NUMBER | |
| Item number | .E34 2002 |
| 082 00 - DEWEY DECIMAL CLASSIFICATION NUMBER | |
| Classification number | 333.95 ROE |
| Edition number | 21 |
| 100 1# - MAIN ENTRY--PERSONAL NAME | |
| Personal name | Eeten, Michel van. |
| 245 10 - TITLE STATEMENT | |
| Title | Ecology, engineering, and management : |
| Remainder of title | reconciling ecosystem rehabilitation and service reliability / |
| Statement of responsibility, etc. | Michel J.G. van Eeten, Emery Roe. |
| 260 ## - PUBLICATION, DISTRIBUTION, ETC. | |
| Place of publication, distribution, etc. | Oxford ; |
| -- | New York : |
| Name of publisher, distributor, etc. | Oxford University Press, |
| Date of publication, distribution, etc. | 2002. |
| 300 ## - PHYSICAL DESCRIPTION | |
| Extent | x, 268 p. : |
| Other physical details | ill., maps ; |
| Dimensions | 25 cm. |
| 500 ## - GENERAL NOTE | |
| General note | H.B |
| 504 ## - BIBLIOGRAPHY, ETC. NOTE | |
| Bibliography, etc. note | Includes bibliographical references (p. 251-261). |
| 505 8# - FORMATTED CONTENTS NOTE | |
| Formatted contents note | Machine generated contents note: 1 The Paradox of the Rising Demand for Both a Better Environment and More Reliable Services 3 -- 2 The Paradox Introduced: Concepts and Cases 13 -- 3 Adaptive Management in a High Reliability Context: Hard Problems, Partial Responses 51 -- 4 Recasting the Paradox through a Framework of Ecosystem -- Management Regimes 85 -- 5 Ecosystems in Zones of Conflict: Partial Responses as an Emerging Management Regime 129 -- 6 Ecosystems in Zones of Conflict: The Case for Bandwidth Management 169 -- 7 The Paradox Resolved: A Different Case Study and the Argument Summarized 217. |
| 650 #0 - SUBJECT ADDED ENTRY--TOPICAL TERM | |
| Topical term or geographic name entry element | Ecosystem management. |
| 650 #0 - SUBJECT ADDED ENTRY--TOPICAL TERM | |
| Topical term or geographic name entry element | Environmental policy. |
| 700 1# - ADDED ENTRY--PERSONAL NAME | |
| Personal name | Roe, Emery. |
| 856 41 - ELECTRONIC LOCATION AND ACCESS | |
| Materials specified | Table of contents only |
| Uniform Resource Identifier | <a href="http://www.loc.gov/catdir/toc/fy031/2001021711.html">http://www.loc.gov/catdir/toc/fy031/2001021711.html</a> |
| 856 42 - ELECTRONIC LOCATION AND ACCESS | |
| Materials specified | Publisher description |
| Uniform Resource Identifier | <a href="http://www.loc.gov/catdir/enhancements/fy0612/2001021711-d.html">http://www.loc.gov/catdir/enhancements/fy0612/2001021711-d.html</a> |
| 906 ## - LOCAL DATA ELEMENT F, LDF (RLIN) | |
| a | 7 |
| b | cbc |
| c | orignew |
| d | 1 |
| e | ocip |
| f | 20 |
| g | y-gencatlg |
| 942 ## - ADDED ENTRY ELEMENTS (KOHA) | |
| Source of classification or shelving scheme | |
| Koha item type | Book |
| Call number prefix | 333.95 ROE |
| Withdrawn status | Lost status | Source of classification or shelving scheme | Damaged status | Not for loan | Collection code | Permanent Location | Current Location | Shelving location | Date acquired | Total Checkouts | Full call number | Barcode | Date last seen | Price effective from | Koha item type |
|---|---|---|---|---|---|---|---|---|---|---|---|---|---|---|---|
| Institute of Environmental Science and Engineering (IESE) | Institute of Environmental Science and Engineering (IESE) | General Stacks | 04/04/2017 | 333.95 ROE | IESE-3923 | 04/04/2017 | 04/04/2017 | Book | |||||||
| Institute of Environmental Science and Engineering (IESE) | Institute of Environmental Science and Engineering (IESE) | General Stacks | 04/04/2017 | 333.95 EET | IESE-1051 | 04/04/2017 | 04/04/2017 | Book |
